| 000 | 00458 a2200157 4500 | ||
|---|---|---|---|
| 020 | _a0716782928 | ||
| 082 | _a007.73 | ||
| 090 |
_c312 _d312 |
||
| 100 | _aEllis Horowitz | ||
| 245 |
_aFundamentals of data structures in C++ _cHorowitz, Ellis |
||
| 260 |
_aNew York _bComputer science press _c1995 |
||
| 300 |
_axx, 653 p. _bill. _c24 cm. |
||
| 500 | _aIncludes index | ||
| 650 | _aC++ (computer program) 2. data structures (computer science) | ||
| 942 | _cBK | ||
| 999 |
_c481144 _d481144 |
||